000
00233nam a2200097Ia 4500
008
120527s9999 xx 000 0 und d
100
_a
LEGTERS, H.Lyman
245
_a
Critical Perspective on democracy
260
_b
Rowman
942
_c
BK
999
_c
25249
_d
25249